000 00407nam a2200169Ia 4500
008 121022t xxu||||| |||| 00| 0 sin d
041 _asin
080 _a8 S - 31
_bBAN
100 _aBandu,Oruwala
245 _aබිරියෝසා
246 _aBiriyosa
260 _bPubudu Publishers
_aColombo
300 _a232p., 18 cm
942 _cBK
999 _c74260
_d74260
003 LK-CoDNM
040 _aLK-CoDNM
_dLK-CoDNM
_eLK-CoDNM